000 00849 a2200205 4500
999 _c10930
_d10930
020 _a9781933330433
050 _aPL857
_bNAK 1999
100 _aNakagami, Kenji
_eauthor
245 _aThe cape and other stories from the Japanese ghetto/
_cKenji Nakagami
264 _aBerkeley, Calif. :
_bStone Bridge Press,
_c1999
300 _axiii; 186pages
336 _2rdacontent
_atext
_btxt
337 _2rdamedia
_aumediated
_bn
338 _2rda carrier
_avolume
_bnc
500 _aNo index
520 _aA collection of stories on Japan's burakumin, former slaves considered tainted by impure blood. In Red Hair, a man picks up a woman hitchhiker who turns out to be a nymphomaniac, while the title story is on incest
650 _aNakagami, Kenji -- Translations into English
700 _aKenji Nakagami
_eauthor
942 _2lcc
_cBK
_h857
_iNAK
_kPL